00623nas a2200145 a 4500008004100000022001300041050001500054245007300069260001100142362003000153650003100183995013400214999001700348952011200365131003c99999999||||||||||||||||| || u a22003835 aPER/ET/SOM00aEndocrinology today: peer reviewed updates for medical practitioners aSydney1 a
2013(Vol.2/No.1,2)
aENDOCRINOLOGY--PERIODICALS aSERIALSeVol.2/No.1-2013FCBU-SCHOOL OF MEDICINE LIBRARY (Ndola)jPER/ET/SOMM1UAVAILABLEWOct 3, 2013y22001321ZSerial (Print) c31342d31342 00102lcc4070a002b002cSerial (Print)d2022-11-30l0oPER/ET/SOMp22001321r2022-11-30w2022-11-30y002